[Event "Monza op"]
[Site "Monza"]
[Date "2006.03.18"]
[Round "1"]
[White "Kokosar, Oliviero"]
[Black "Casartelli, Fabio"]
[Result "0-1"]
[WhiteElo "1478"]
[BlackElo "1965"]
[PlyCount "92"]
[EventDate "2006.03.18"]
[EventType "swiss"]
[EventRounds "6"]
[EventCountry "ITA"]
[SourceTitle "EXT 2007"]
[Source "ChessBase"]
[SourceDate "2006.11.23"]
[SourceVersion "1"]
[SourceVersionDate "2006.11.23"]
[SourceQuality "1"]

1. e4 c5 2. Nf3 d6 3. d4 cxd4 4. Nxd4 Nf6 5. Nc3 a6 6. Bd3 Nc6 7. Nb3 e6 8. Bg5 Be7 9. f4 b5 10. a3 Bb7 11. Qd2 h6 12. Bxf6 Bxf6 13. 0-0-0 Rc8 14. Nxb5 axb5 15. Bxb5 Ke7 16. Rhe1 Qc7 17. g3 Rhd8 18. Qf2 Na5 19. Nxa5 Qxa5 20. Bd3 Rb8 21. Qd2 Qa7 22. h4 Bxe4 23. c3 Bf3 24. Be2 Bxc3 25. Qxc3 Rdc8 26. Bxf3 Rxc3+ 27. bxc3 Qxa3+ 28. Kd2 Rb2+ 29. Kd3 Qa6+ 30. Kd4 Qb6+ 31. Ke4 f5+ 32. Kd3 Qf2 33. Bd5 Qxg3+ 34. Re3 Qxf4 35. Rxe6+ Kd7 36. h5 Rh2 37. c4 Rh3+ 38. Kc2 Rxh5 39. Rde1 Rh2+ 40. Kb1 Qd2 41. Re7+ Kd8 42. Re8+ Kc7 43. R1e7+ Kb6 44. Rb7+ Kc5 45. Rb5+ Kd4 46. Ra8 Rf2 0-1